| 000 | 00659nam a2200217 a 4500 | ||
|---|---|---|---|
| 001 | 2092 | ||
| 005 | 20140414131921.0 | ||
| 008 | 001111s19uu xx 00 eng d | ||
| 020 | _a0-679-84640-9 | ||
| 050 |
_aER _bSa4 1994 |
||
| 100 | _aCristaldi, Kathryn | ||
| 245 |
_aSamantha the snob / _cKathryn Cristaldi ; illustrated by Denise Brunkev. |
||
| 260 |
_aNew York : _bRandom House. |
||
| 300 | _a49 p. ; cm. | ||
| 520 | _aGrade 1-3. A young girl resents her new rich classsmates until she gets to know her. | ||
| 650 |
_aJealousy _xFiction. |
||
| 650 |
_aFriendship _xFiction. |
||
| 650 |
_aWealth _xFiction. |
||
| 999 |
_c111766 _d111766 |
||